| 000 | 00000cam 2200000zi 4500 |
| 001 | 9.954951 |
| 003 | CaOODSP |
| 005 | 20260203102705 |
| 006 | m o d f |
| 007 | cr cn||||||||| |
| 008 | 250908e202508##quca ob f000 0 fre d |
| 020 | |a9780660788579 |q(rapport) |
| 020 | |a9780660788586 |q(sommaire) |
| 040 | |aCaOODSP|bfre|erda|cCaOODSP |
| 043 | |an-cn--- |
| 086 | 1 |aEn4-641/2025F-PDF |
| 086 | 1 |aEn4-641/2025-1F-PDF |
| 245 | 00|aÉvaluation du Programme de conservation et de protection des habitats : |bProgramme des aires protégées : rapport final. |
| 264 | 1|aGatineau (Québec) : |bDirection générale de l'audit et de l'évaluation, Environnement et changement climatique Canada = Audit and Evaluation Branch, Environment and Climate Change Canada, |caoût 2025. |
| 264 | 4|c©2025 |
| 300 | |a1 ressource en ligne (iv, 48 pages) : |billustrations + |e1 sommaire (14 pages) |
| 336 | |atexte|btxt|2rdacontent/fre |
| 337 | |ainformatique|bc|2rdamedia/fre |
| 338 | |aressource en ligne|bcr|2rdacarrier/fre |
| 500 | |aTitre de la couverture. |
| 500 | |aPublié aussi en anglais sous le titre : Evaluation of the Habitat Conservation and Protection Program : Protected Areas Program : final report. |
| 500 | |a« Regards sur l’évaluation » -- Titre du sommaire. |
| 504 | |aComprend des références bibliographiques. |
| 520 | |a« L’évaluation du Programme de conservation et protection des habitats (PCPH) fait partie du Plan d’audit et d’évaluation d’Environnement et changement climatique Canada (ECCC) 2022 à 2027. Elle entreprend une évaluation de la pertinence, de l’efficacité et de l’efficience du PAP pour la période de 2018-2019 à 2023-2024. L’examen a porté sur la conception, le rendement, l’efficience et les alternatives d’exécution du programme, ainsi que sur la mesure du rendement et la contribution à la réconciliation avec les peuples autochtones au Canada » -- À propos de cette évaluation, page 3. |
| 610 | 16|aCanada. |bEnvironnement et changement climatique Canada|xÉvaluation. |
| 650 | 6|aAires protégées|xPolitique gouvernementale|zCanada|xÉvaluation. |
| 650 | 6|aHabitat (Écologie)|xConservation|xPolitique gouvernementale|zCanada|xÉvaluation. |
| 710 | 1 |aCanada. |bEnvironnement et changement climatique Canada. |bDirection générale de l'audit et de l'évaluation, |eorganisme de publication. |
| 775 | 08|tEvaluation of the Habitat Conservation and Protection Program : |w(CaOODSP)9.954949 |
| 795 | |tÉvaluation du programme sur les aires protégées : |b2014|w(CaOODSP)9.933871 |
| 856 | 40|qPDF|s814 Ko|uhttps://publications.gc.ca/collections/collection_2026/eccc/en4/En4-641-2025-fra.pdf|zRapport |
| 856 | 40|qPDF|s371 Ko|uhttps://publications.gc.ca/collections/collection_2026/eccc/en4/En4-641-2025-1-fra.pdf|zSommaire |
| 856 | 4 |qHTML|sS.O.|uhttps://www.canada.ca/fr/environnement-changement-climatique/organisation/transparence/priorites-gestion/evaluations/programme-aires-protegees-rapport-final-2025.html|zRapport |
| 856 | 4 |qHTML|sS.O.|uhttps://www.canada.ca/fr/environnement-changement-climatique/organisation/transparence/priorites-gestion/evaluations/programme-aires-protegees-sommaire-2025.html|zSommaire |
| 986 | |aEC 25019 |